000
00319 a2200145 4500
001
156315
020
_a
9788508165032
040
_c
Escola São Tomás de Aquino
100
_a
SHELLEY, Mary
240
1
0
_a
Frankenstein
_l
por
245
1
0
_a
Frankenstein
300
_a
263
697
_a
*LITERATURA JUVENIL
942
_c
BK
999
_c
156315
_d
156315